Elementos da Tabela Periódica por país - Statistics

Estatísticas Gerais
  • Esse quiz foi jogado 104 vezes
  • A pontuação média é 91 de 106
Estatísticas das Respostas
# Elemento País % Correto
61 Promethium Estados Unidos
100%
85 Astatine Estados Unidos
100%
93 Neptunium Estados Unidos
100%
94 Plutonium Estados Unidos
100%
95 Americium Estados Unidos
100%
96 Curium Estados Unidos
100%
97 Berkelium Estados Unidos
100%
98 Californium Estados Unidos
100%
99 Einsteinium Estados Unidos
100%
100 Fermium Estados Unidos
100%
101 Mendelevium Estados Unidos
100%
103 Lawrencium Estados Unidos
100%
105 Dubnium Estados Unidos
100%
104 Rutherfordium Estados Unidos / Rússia
100%
106 Seaborgium Estados Unidos / Rússia
100%
114 Flerovium Estados Unidos / Rússia
100%
115 Moscovium Estados Unidos / Rússia
100%
116 Livermorium Estados Unidos / Rússia
100%
117 Tennessine Estados Unidos / Rússia
100%
118 Oganesson Estados Unidos / Rússia
100%
8 Oxygen França / Reino Unido / Suécia
97%
91 Protactinium Alemanha / Reino Unido
96%
2 Helium França / Reino Unido
96%
5 Boron França / Reino Unido
96%
58 Cerium Alemanha / Suécia
95%
15 Phosphorus Alemanha
94%
30 Zinc Alemanha
94%
32 Germanium Alemanha
94%
37 Rubidium Alemanha
94%
40 Zirconium Alemanha
94%
48 Cadmium Alemanha
94%
49 Indium Alemanha
94%
55 Caesium Alemanha
94%
75 Rhenium Alemanha
94%
86 Radon Alemanha
94%
92 Uranium Alemanha
94%
107 Bohrium Alemanha
94%
108 Hassium Alemanha
94%
109 Meitnerium Alemanha
94%
110 Darmstadtium Alemanha
94%
111 Roentgenium Alemanha
94%
112 Copernicium Alemanha
94%
113 Nihonium Japão
91%
4 Beryllium França
90%
9 Fluorine França
90%
24 Chromium França
90%
31 Gallium França
90%
35 Bromine França
90%
53 Iodine França
90%
62 Samarium França
90%
63 Europium França
90%
66 Dysprosium França
90%
71 Lutetium França
90%
84 Polonium França
90%
87 Francium França
90%
88 Radium França
90%
89 Actinium França
90%
44 Ruthenium Rússia
90%
102 Nobelium Rússia
90%
1 Hydrogen Reino Unido
86%
7 Nitrogen Reino Unido
86%
10 Neon Reino Unido
86%
11 Sodium Reino Unido
86%
12 Magnesium Reino Unido
86%
18 Argon Reino Unido
86%
19 Potassium Reino Unido
86%
20 Calcium Reino Unido
86%
22 Titanium Reino Unido
86%
36 Krypton Reino Unido
86%
38 Strontium Reino Unido
86%
41 Niobium Reino Unido
86%
45 Rhodium Reino Unido
86%
46 Palladium Reino Unido
86%
54 Xenon Reino Unido
86%
56 Barium Reino Unido
86%
76 Osmium Reino Unido
86%
77 Iridium Reino Unido
86%
81 Thallium Reino Unido
86%
74 Tungsten Espanha
83%
78 Platinum Espanha
83%
43 Technetium Itália
79%
3 Lithium Suécia
71%
14 Silicon Suécia
71%
17 Chlorine Suécia
71%
21 Scandium Suécia
71%
23 Vanadium Suécia
71%
25 Manganese Suécia
71%
27 Cobalt Suécia
71%
28 Nickel Suécia
71%
34 Selenium Suécia
71%
42 Molybdenum Suécia
71%
57 Lanthanum Suécia
71%
65 Terbium Suécia
71%
67 Holmium Suécia
71%
68 Erbium Suécia
71%
69 Thulium Suécia
71%
73 Tantalum Suécia
71%
90 Thorium Suécia
71%
64 Gadolinium Suíça
65%
70 Ytterbium Suíça
65%
59 Praseodymium Áustria
61%
60 Neodymium Áustria
61%
13 Aluminium Dinamarca
58%
72 Hafnium Dinamarca
58%
39 Yttrium Finlândia
55%
52 Tellurium Romênia
34%
Nenhum quiz correspondente encontrado
Distribuição das Pontuações
Porcentagem de Pessoas com Cada Pontuação
Percentil de Números Respondidos
Sua Pontuação Histórica
Você não jogou esse quiz